Responses for Show #5791 - Monday, November 16, 2009

Contestants

[<< previous game]

Melisa Paye-Mose, a proposal writer from Woodbine, Maryland

Scott Wells, a medievalist from Los Angeles, California

Chris Rodrigues, a personal banking representative from New Bedford, Massachusetts (whose 1-day cash winnings total $7,999)

[next game >>]

Jeopardy! Round responses

GIVING BLOOD
MADDEN-LESS NFL 09
SPACE SHUTTLE NAMES
ECCLESIASTES
A FORD IN YOUR PAST
THINGS ARE LOOKING "UP"
    $200 16
cookies

Scott
    $200 1
(Cris) Collinsworth

Chris
    $200 6
Atlantis

Chris
    $200 23
Solomon

Melisa
    $200 11
Harrison Ford

Melisa
    $200 18
upstage

Chris
    $400 17
(Melisa: What is BLOOD?)

LIFE

ChrisMelisa
    $400 2
the (Detroit) Lions

Chris
    $400 7
Columbia

Scott
    $400 27
Hebrew

Scott
    $400 12
Henry Ford

Scott
    $400 19
upside down

Melisa
    $600 24
Africa

Melisa
    $600 3
(Johnny) Unitas

Chris
    $600 8
(Chris: What is the Contender?)

Challenger

ChrisScott
    $600 28
a season

Scott
    $600 13
Whitey Ford

Chris
    $600 20
upbeat

Melisa
    $800 25
a pint

Chris
    $800 4
(Tony) Gonzalez

Chris
    $800 9
Endeavour

Melisa
    $2,000 29
(Scott: What is under heaven?)

under the sun

Scott
    $800 14
Ford Madox Ford

Scott
    $800 21
uproar

Melisa
    $1000 26
platelets

Scott
    $1000 5
[Applause for Chris's run of the category]
(Alex: Well done. You know your football, obviously. But now there are no more football clues, so what do you do?)

(Mark) Sanchez

Chris
    $1000 10
Discovery

Scott
    $1000 30
Sukkoth

Chris
    $1000 15
Robert Ford

Melisa
    $1000 22
an upheaval

Scott

Scores at the first commercial break (after clue 15):

Chris Scott Melisa
$3,200 $3,200 $2,000

Scores at the end of the Jeopardy! Round:

Chris Scott Melisa
$5,600 $4,400 $4,200

Double Jeopardy! Round responses

TV REVEILLE
PROVINCES
NEED HELP WITH PRONUNCIATION?
THEY SHOT THE SHERIFF
IN THE BOOKSTORE
HEART-FELT WORDS
(Alex: Each correct response will come from the Latin word for "heart".)
    $400 6
M*A*S*H

Chris
    $400 24
(Chris: What is Tanganyika?)

Lake Victoria

ChrisScott
    $400 1
Kofi Annan

Chris
    $400 13
Billy the Kid

Chris
    $400 16
Michael J. Fox

Scott
    $400 9
discord

Scott
    $800 7
Private Benjamin

Scott
    $800 25
(Chris: What is India?)

Pakistan

ChrisScott
    $800 2
Llewellyn

Scott
    $800 14
Bat Masterson

Melisa
    $800 17
Pride and Prejudice

Scott
    $800 10
cardiac

Chris
    $1200 8
(Scott: What is China Beach?)

Army Wives

Scott
Triple Stumper
    $1200 26
(Melisa: What is... Nope, can't come up with it. Sorry.)
(Scott: What is the Gulf of Cortez?)
...
(Alex: "Silent, upon a peak in [*]".)

Darien

ScottMelisa
Triple Stumper
    $1200 3
(Chris: What is Ixtapa?)

Oaxaca

ChrisScott
    $1200 15
(Melisa: Who is Wyatt Earp?)

Wild Bill Hickok

Melisa
Triple Stumper
    $1200 18
(Scott: Who is Hillary Rodham Clinton?)

Laura Bush

ScottMelisa
    $1,000 21
(Chris: What is l... No. What is liquor?)

cordial

Chris
    $1600 11
McHale's Navy

Chris
    $1600 27
Cape Province

Scott
    $1600 4
Huế

Scott
    $1600 22
Virgil & Morgan

Chris
    $1600 19
Columbine

Chris
    $1600 29
concordance

Scott
    $2000 12
Baa Baa Black Sheep

Chris
    $2000 28
Chengdu

Triple Stumper
    $2000 5
Ahmadinejad

Melisa
    $2000 23
(Chris: Who is Billy the Kid?)
[Alex misspoke and gave the correct response as "John Wesley Hardinen", but addressed his mistake before Final Jeopardy!]

John Wesley Hardin

Chris
Triple Stumper
    $1,600 20
(Chris: Who is Eleanor Roosevelt?)

Frances Perkins

Chris
    $2000 30
cordate

Scott

Scores at the end of the Double Jeopardy! Round:

Chris Scott Melisa
$7,400 $13,200 $5,800

[wagering suggestions for these scores]

Final Jeopardy! Round responses

CLASSIC SONGS FROM MOVIES
(Alex: The song is from a movie that was filmed on this lot, not very far from where we stand right now.)
...
(Alex: From The Wizard of Oz.)
MelisaWhat is Ding Dong the Witch Is Dead?
$5,799
ChrisWhat is Ding Dong The Witch is Dead?
$7,399
ScottWhat is Somewhere
$1,601
"Ding-Dong! The Witch Is Dead"

Final scores:

Chris Scott Melisa
$14,799 $11,599 $11,599
2-day champion: $22,798 2nd place: $2,000 3rd place: $1,000

Game dynamics:

Coryat scores:

Chris Scott Melisa
$10,000 $15,200 $5,800
19 R,
7 W
(including 2 DDs)
22 R,
4 W
(including 1 DD)
11 R,
3 W

Combined Coryat: $31,000

[game clues] [game scores] [suggest correction]

Game tape date: 2009-09-30
The J! Archive is created by fans, for fans. Scraping, republication, monetization, and malicious use prohibited; this site may use cookies and collect identifying information. See terms. The Jeopardy! game show and all elements thereof, including but not limited to copyright and trademark thereto, are the property of Jeopardy Productions, Inc. and are protected under law. This website is not affiliated with, sponsored by, or operated by Jeopardy Productions, Inc. Join the discussion at JBoard.tv.